[Event "Lichtenberger Sommer 2017"]
[Site "Berlin"]
[Date "2017.08.20"]
[Round "2.51"]
[White "Woinowski, Michael"]
[Black "Dimitrijeski, Kristian"]
[Result "1/2-1/2"]
[WhiteElo "1761"]
[BlackElo "2182"]
[PlyCount "37"]
[EventDate "2017.??.??"]
[WhiteTeam "SC Kreuzberg"]
[BlackTeam "SK König Tegel"]

1. e4 e5 2. Nf3 Nc6 3. Bb5 Nf6 4. O-O Nxe4 5. Re1 Nd6 6. Nxe5 Be7 7. Nxc6 dxc6
8. Be2 O-O 9. d4 Be6 10. Bd3 Nf5 11. c3 Bd6 12. Nd2 Be7 13. Ne4 Nd6 14. Nxd6
cxd6 15. Rxe6 fxe6 16. Qh5 g6 17. Bxg6 hxg6 18. Qxg6+ Kh8 19. Qh6+ 1/2-1/2

[Event "Lichtenberger Sommer 2017"]
[Site "Berlin"]
[Date "2017.08.20"]
[Round "2.52"]
[White "Jaeschke, Jens-Uwe"]
[Black "Rehmsmeier, Marc"]
[Result "1-0"]
[WhiteElo "2119"]
[BlackElo "1698"]
[PlyCount "57"]
[EventDate "2017.??.??"]
[WhiteTeam "SF Nordost Berlin"]
[BlackTeam "vereinslos"]

1. Nf3 Nf6 2. c4 e6 3. Nc3 Be7 4. e4 O-O 5. d4 d5 6. e5 Ne8 7. Be3 g6 8. Qb3 c6
9. h4 Ng7 10. O-O-O a5 11. Bd3 a4 12. Qc2 dxc4 13. Bxc4 b5 14. Bd3 Na6 15. Qe2
Nb4 16. Bb1 Ba6 17. h5 g5 18. g4 a3 19. bxa3 Nd5 20. Qc2 f5 21. exf6 Bxf6 22.
h6 Nxc3 23. hxg7 Bxg7 24. Qxh7+ Kf7 25. Ne5+ Ke8 26. Qg6+ Ke7 27. Nxc6+ Kd6 28.
Nxd8 Raxd8 29. Qxg7 1-0

[Event "Lichtenberger Sommer 2017"]
[Site "Berlin"]
[Date "2017.08.20"]
[Round "2.53"]
[White "Tedesco, Gennaro"]
[Black "Krefenstein, Sergej"]
[Result "1-0"]
[WhiteElo "1613"]
[BlackElo "2173"]
[PlyCount "135"]
[EventDate "2017.??.??"]
[WhiteTeam "SC Kreuzberg"]
[BlackTeam "TuS Makkabi Berlin"]

1. d4 e6 2. c4 Nf6 3. Nf3 d5 4. g3 b6 5. Bg2 Bb4+ 6. Bd2 Be7 7. Qc2 O-O 8. O-O
Ba6 9. cxd5 exd5 10. Bf4 c5 11. Rd1 Nc6 12. a3 Rc8 13. Nc3 Re8 14. Qa4 Bb7 15.
Bh3 Ra8 16. Nb5 Bf8 17. e3 a6 18. Nc7 Nh5 19. Nxe8 Qxe8 20. Qb3 cxd4 21. Nxd4
Nxd4 22. Rxd4 Bc5 23. Rd2 Qe7 24. Bg2 g5 25. Bxg5 Qxg5 26. Bxd5 Bxd5 27. Rxd5
Qg4 28. h4 h6 29. Kg2 Re8 30. Qd1 Qe4+ 31. Qf3 Nf6 32. Qxe4 Rxe4 33. Rd8+ Kg7
34. b4 Be7 35. Ra8 a5 36. bxa5 Ra4 37. Ra7 Bc5 38. axb6 Rc4 39. Ra6 Bd6 40. Ra8
Rc6 41. Rb1 Nd7 42. b7 Nb8 43. a4 Kf6 44. a5 Ke7 45. a6 Nxa6 46. b8=Q Nxb8 47.
Rbxb8 Bxb8 48. Rxb8 Kf6 49. Rb5 Rc2 50. g4 Kg6 51. Rb6+ Kg7 52. Kg3 Re2 53. Kf3
Rc2 54. e4 Rc3+ 55. Kg2 Ra3 56. f3 Ra1 57. e5 Re1 58. f4 Re3 59. Kf2 Rc3 60.
Rd6 Rb3 61. g5 h5 62. Rh6 Ra3 63. Rxh5 Kg6 64. Rh6+ Kf5 65. Rf6+ Kg4 66. Rxf7
Kxh4 67. g6 Rg3 68. f5 1-0

[Event "Lichtenberger Sommer 2017"]
[Site "Berlin"]
[Date "2017.08.20"]
[Round "2.54"]
[White "Vogel, Robert"]
[Black "Reck, Jessica"]
[Result "1-0"]
[WhiteElo "2154"]
[BlackElo "1730"]
[PlyCount "53"]
[EventDate "2017.??.??"]
[WhiteTeam "SG Pang-Rosenheim"]
[BlackTeam "SK König Tegel"]

1. d4 Nf6 2. c4 g6 3. Nc3 Bg7 4. e4 d6 5. Bg5 O-O 6. Qd2 Nbd7 7. Nf3 c5 8. d5
a6 9. Be2 Ne5 10. Nxe5 dxe5 11. O-O Ne8 12. Be3 b6 13. a3 Nd6 14. b4 cxb4 15.
axb4 Qc7 16. c5 bxc5 17. bxc5 Nb7 18. Na4 f5 19. f3 f4 20. Bf2 g5 21. Nb6 Rb8
22. Nxc8 Rfxc8 23. Bxa6 Rd8 24. Rfc1 h5 25. Bxb7 Rxb7 26. c6 Rbb8 27. Ra7 1-0

[Event "Lichtenberger Sommer 2017"]
[Site "Berlin"]
[Date "2017.08.20"]
[Round "2.55"]
[White "Bartoszewski-Reiski, Olaf"]
[Black "Oelmann, Henry"]
[Result "1-0"]
[WhiteElo "1740"]
[BlackElo "1992"]
[PlyCount "107"]
[EventDate "2017.??.??"]
[WhiteTeam "Korona Gdansk"]
[BlackTeam "SC Oranienburg"]

1. e4 d6 2. d4 Nf6 3. Nc3 g6 4. f4 Bg7 5. Nf3 O-O 6. Be3 c6 7. h3 Nh5 8. Bc4
Qb6 9. Bb3 Ng3 10. Rg1 Nd7 11. Qd2 Nf6 12. e5 Nfe4 13. Nxe4 Nxe4 14. Qd3 d5 15.
g4 a5 16. c3 a4 17. Bd1 Qxb2 18. Rc1 Nf2 19. Bxf2 Qxc1 20. f5 b6 21. h4 Ba6 22.
Qc2 Qxc2 23. Bxc2 Bc4 24. h5 f6 25. fxg6 fxe5 26. gxh7+ Kh8 27. Nh4 Rxf2 28.
Kxf2 exd4 29. Bf5 e6 30. Bxe6 Bd3 31. g5 dxc3 32. Kg3 Re8 33. Bf5 Bxf5 34. Nxf5
Kxh7 35. g6+ Kh8 36. h6 Bxh6 37. Rh1 c2 38. Rxh6+ Kg8 39. Rh7 Re3+ 40. Kf2 c1=Q
41. Nh6+ Kf8 42. g7+ Ke7 43. g8=Q+ Kd6 44. Qf8+ Ke5 45. Ng4+ Kd4 46. Qf4+ Kd3
47. Qxe3+ Qxe3+ 48. Nxe3 d4 49. Nf5 b5 50. Rc7 b4 51. Rxc6 b3 52. axb3 axb3 53.
Rb6 Kc3 54. Nxd4 1-0

[Event "Lichtenberger Sommer 2017"]
[Site "Berlin"]
[Date "2017.08.20"]
[Round "2.56"]
[White "Ziems, Michael"]
[Black "Ellert, Stefan"]
[Result "1-0"]
[WhiteElo "1816"]
[BlackElo "1355"]
[PlyCount "104"]
[EventDate "2017.??.??"]
[WhiteTeam "SV Empor Berlin"]
[BlackTeam "SV Empor Berlin"]

1. d4 d5 2. c4 e6 3. Nc3 Nf6 4. Bf4 Bd6 5. Bg5 Be7 6. e3 b6 7. Nf3 Nbd7 8. Be2
Bb7 9. Rc1 Rc8 10. O-O h6 11. Bf4 O-O 12. h3 c5 13. Nb5 a6 14. Nd6 Bxd6 15.
Bxd6 Re8 16. b3 Ne4 17. Bh2 Ndf6 18. Ne5 Nd7 19. cxd5 Bxd5 20. Bxa6 Rc7 21. Bb5
Nef6 22. Nxd7 Nxd7 23. Bxc7 Qxc7 24. e4 Bc6 25. Bxc6 Qxc6 26. d5 exd5 27. Qxd5
Qxd5 28. exd5 Nf6 29. Rcd1 Rd8 30. d6 Ne4 31. d7 Nf6 32. Rd6 Rxd7 33. Rfd1 Rb7
34. f3 Kf8 35. Re1 Ne8 36. Rd8 Re7 37. Rxe7 Kxe7 38. Rb8 Kd7 39. Rxb6 Kc7 40.
Rb5 Kc6 41. Rb8 Nd6 42. Kf2 Kc7 43. Rg8 g6 44. Ke2 Kc6 45. Kd3 Kd5 46. Rd8 Ke6
47. g4 Ke7 48. Rh8 Kf6 49. h4 Ke7 50. Rxh6 Kf6 51. Rh8 Ke6 52. Rd8 f6 1-0

[Event "Lichtenberger Sommer 2017"]
[Site "Berlin"]
[Date "2017.08.20"]
[Round "2.57"]
[White "Kautz, Stefan"]
[Black "Wolfram, Mike"]
[Result "1/2-1/2"]
[WhiteElo "1909"]
[BlackElo "1550"]
[PlyCount "104"]
[EventDate "2017.??.??"]
[WhiteTeam "SC Empor Maulwurf Bonn"]
[BlackTeam "vereinslos"]

1. e4 c5 2. Nc3 e6 3. g3 Nc6 4. Bg2 d6 5. Nge2 Nf6 6. O-O Be7 7. d3 O-O 8. h3
d5 9. exd5 exd5 10. Nf4 d4 11. Ncd5 Nxd5 12. Nxd5 Be6 13. Nxe7+ Qxe7 14. Re1
Qd7 15. Kh2 Rfe8 16. Bf4 Bd5 17. Qh5 Bxg2 18. Kxg2 b6 19. a3 Rxe1 20. Rxe1 Re8
21. Rxe8+ Qxe8 22. Qd5 Qe6 23. Qd6 Qxd6 24. Bxd6 f6 25. b4 cxb4 26. axb4 b5 27.
Bc5 Kf7 28. Kf3 Ke6 29. Ke4 f5+ 30. Kf4 Kf6 31. Kf3 Ke5 32. Ke2 Kd5 33. Bf8 g6
34. f4 a5 35. bxa5 Nxa5 36. Kd2 Nc6 37. Kc1 Nd8 38. Kb2 Ne6 39. Be7 Kc6 40. Kb3
Nc7 41. Bf6 Kd5 42. Kb4 h5 43. Be5 Na6+ 44. Kxb5 Nc5 45. Kb4 Na6+ 46. Kb3 Nc5+
47. Kb2 Na4+ 48. Kc1 Nc3 49. Kd2 Nb1+ 50. Ke1 Nc3 51. Bc7 Kc5 52. Ba5 Nd5
1/2-1/2

[Event "Lichtenberger Sommer 2017"]
[Site "Berlin"]
[Date "2017.08.20"]
[Round "2.58"]
[White "Kurzweil, Thomas"]
[Black "Regel, Michael"]
[Result "1-0"]
[WhiteElo "1918"]
[BlackElo "1582"]
[PlyCount "27"]
[EventDate "2017.??.??"]
[WhiteTeam "Spgem Kötz/Ichenhausen"]
[BlackTeam "SC Friesen Lichtenberg"]

1. d4 Nf6 2. c4 e6 3. Nf3 b6 4. Nc3 Bb7 5. Bg5 Be7 6. Qc2 d5 7. e3 O-O 8. Bd3
dxc4 9. Bxc4 Nbd7 10. Qe2 c5 11. O-O h6 12. Bh4 Qc7 13. Bg3 Bd6 14. Nb5 1-0

[Event "Lichtenberger Sommer 2017"]
[Site "Berlin"]
[Date "2017.08.20"]
[Round "2.59"]
[White "Jeß, Arne"]
[Black "Chung, Nicholas"]
[Result "1-0"]
[WhiteElo "1862"]
[BlackElo "1417"]
[PlyCount "107"]
[EventDate "2017.??.??"]
[WhiteTeam "TSG Fredersdorf/Vogelsdorf"]
[BlackTeam "TuS Makkabi Berlin"]

1. e4 c5 2. Nf3 Nc6 3. d4 cxd4 4. Nxd4 e5 5. Nb5 a6 6. Nd6+ Bxd6 7. Qxd6 Qf6 8.
Qa3 Nge7 9. Bd3 O-O 10. O-O Rd8 11. f4 d5 12. Kh1 Qd6 13. b3 Qxa3 14. Bxa3 exf4
15. Rxf4 Ng6 16. Rf1 Nce5 17. Nc3 Nxd3 18. cxd3 dxe4 19. dxe4 Be6 20. Rfd1 Bg4
21. Rd5 Rd7 22. h3 Be6 23. Rxd7 Bxd7 24. Kg1 Re8 25. Rd1 Bc6 26. Rd4 Nf4 27.
Bd6 Ne6 28. Rd1 Ng5 29. e5 Ne4 30. Nd5 Nxd6 31. exd6 Bxd5 32. Rxd5 f6 33. Rc5
Rd8 34. Rc7 Rxd6 35. Rxb7 Rd1+ 36. Kh2 Ra1 37. a4 Ra3 38. Rb6 a5 39. Rb5 Kf7
40. Kg3 Ke6 41. Kf4 g6 42. Ke4 h6 43. Kd4 Ra2 44. Rxa5 Rd2+ 45. Kc4 Rxg2 46.
Rc5 Rc2+ 47. Kb5 Rxc5+ 48. Kxc5 f5 49. a5 f4 50. a6 f3 51. a7 f2 52. a8=Q f1=Q
53. Qe8+ Kf5 54. Qf8+ 1-0

[Event "Lichtenberger Sommer 2017"]
[Site "Berlin"]
[Date "2017.08.20"]
[Round "2.60"]
[White "Lehmkuhl, Stefan"]
[Black "Kaufmann, Matthias"]
[Result "1-0"]
[WhiteElo "1873"]
[BlackElo "1516"]
[PlyCount "63"]
[EventDate "2017.??.??"]
[WhiteTeam "Breloher SC"]
[BlackTeam "vereinslos"]

1. d4 d5 2. Bg5 Bg4 3. Qd3 c6 4. h3 Bh5 5. Qb3 Qc7 6. e3 e6 7. Ne2 Be7 8. Bf4
Qc8 9. Bg3 Nf6 10. Nf4 Nbd7 11. c4 b6 12. Nc3 O-O 13. Rc1 Bg6 14. cxd5 cxd5 15.
Nxg6 fxg6 16. Ne2 Qe8 17. Nf4 Qf7 18. Bb5 g5 19. Nd3 Ne4 20. Bxd7 Nxg3 21. fxg3
Bd6 22. Bc6 Bxg3+ 23. Kd2 Rac8 24. Qd1 Qe7 25. Rf1 Bd6 26. a3 a6 27. Rxf8+ Rxf8
28. Ba4 b5 29. Bb3 b4 30. a4 a5 31. Qe2 Bg3 32. Rf1 1-0

[Event "Lichtenberger Sommer 2017"]
[Site "Berlin"]
[Date "2017.08.20"]
[Round "2.61"]
[White "Ho, Ngoc Hai-Dang"]
[Black "Brümmel, Arend"]
[Result "0-1"]
[WhiteElo "1499"]
[BlackElo "2150"]
[PlyCount "49"]
[EventDate "2017.??.??"]
[WhiteTeam "SF Friedrichshagen"]
[BlackTeam "Stader SV"]

1. e4 c5 2. Nf3 d6 3. d4 cxd4 4. Nxd4 Nf6 5. Nc3 a6 6. Bc4 e6 7. Be3 b5 8. Bb3
Be7 9. f3 O-O 10. a3 Bd7 11. Qd2 Nc6 12. O-O-O Qb8 13. Nxc6 Bxc6 14. Qd4 Nd7
15. Ne2 a5 16. c3 Rd8 17. g4 d5 18. exd5 Nc5 19. Bc2 Rxd5 20. Qf4 Bd6 21. Bxh7+
Kxh7 22. Qxf7 Be8 23. Rxd5 Nb3+ 24. Kc2 Bxf7 25. Rdd1 0-1

[Event "Lichtenberger Sommer 2017"]
[Site "Berlin"]
[Date "2017.08.20"]
[Round "2.62"]
[White "Kujawa, Werner"]
[Black "Silz, Elisa"]
[Result "0-1"]
[WhiteElo "1756"]
[BlackElo "2023"]
[PlyCount "114"]
[EventDate "2017.??.??"]
[WhiteTeam "SV Motor Wildau"]
[BlackTeam "SV Empor Berlin"]

1. Nf3 Nf6 2. c4 g6 3. Nc3 Bg7 4. d4 O-O 5. e4 d6 6. Be2 e5 7. d5 a5 8. Be3 Ng4
9. Bg5 f6 10. Bd2 f5 11. Bg5 Nf6 12. exf5 gxf5 13. O-O Na6 14. a3 Bd7 15. Qc2
Qe8 16. Rfd1 a4 17. Nd2 Nc5 18. Bxf6 Bxf6 19. b4 axb3 20. Nxb3 Na4 21. Nb5 Bxb5
22. cxb5 Qd7 23. Rac1 Rf7 24. Bf1 Kh8 25. f3 Bg5 26. Rb1 Be3+ 27. Kh1 Nc5 28.
Nxc5 Bxc5 29. a4 Qe7 30. Ra1 b6 31. Qd2 f4 32. Bd3 Rf6 33. Be4 Rh6 34. Qe1 Qg5
35. h3 Rg8 36. Qf1 Qg3 37. Ra2 Qh4 38. Rc2 Rg3 39. Re2 Qg5 40. Kh2 Rh4 41. Rc2
Qh6 42. Ra2 Rh5 43. Rc2 Rg8 44. Ra2 Rhg5 45. Rc2 Ra8 46. Ra2 Rg3 47. Rc1 Qh4
48. Rd1 Ra5 49. Rc1 Rg8 50. Qe1 Qg5 51. Rd1 Rxa4 52. Rc2 Rga8 53. Qe2 Ra1 54.
Rcc1 R1a2 55. Rc2 R2a3 56. Rd3 Rxd3 57. Qxd3 Qg3+ 0-1

[Event "Lichtenberger Sommer 2017"]
[Site "Berlin"]
[Date "2017.08.20"]
[Round "2.63"]
[White "Mueller, Jörg René"]
[Black "Muskewitz, Bernd"]
[Result "0-1"]
[WhiteElo "1553"]
[BlackElo "1923"]
[PlyCount "114"]
[EventDate "2017.??.??"]
[WhiteTeam "SC Zugzwang 95 (Berlin)"]
[BlackTeam "SV Mattnetz Berlin"]

1. f4 c5 2. c4 Nc6 3. Nf3 g6 4. g3 b6 5. Bg2 Bb7 6. O-O Bg7 7. e3 Nf6 8. Ne5
Qc7 9. Bxc6 Bxc6 10. Nxc6 Qxc6 11. Qf3 Rc8 12. Qxc6 Rxc6 13. Nc3 O-O 14. Kg2 e6
15. Rb1 d5 16. cxd5 exd5 17. Kf3 Rd8 18. Nd1 c4 19. Re1 Ne4 20. Nf2 f5 21. Nxe4
dxe4+ 22. Ke2 b5 23. a3 Rd3 24. h3 Rb3 25. Rd1 Kf7 26. Rh1 a5 27. Kd1 b4 28. a4
Rd6 29. Rh2 Rxe3 30. Rg2 Rdd3 31. h4 Rxg3 32. Rxg3 Rxg3 33. Ke2 Rh3 34. Kf2
Rxh4 35. Kg3 Rg4+ 36. Kh3 Rxf4 37. d3 Rf2 38. Kg3 Rf3+ 39. Kg2 Rxd3 40. Bf4 Ke6
41. Bc7 Rd2+ 42. Kh3 Be5 43. Bxe5 Kxe5 44. Kg3 f4+ 45. Kg4 Rg2+ 46. Kh3 f3 47.
b3 c3 48. Re1 Kf4 49. Rf1 Rg5 50. Kh2 e3 51. Rd1 f2 52. Rd4+ Kf3 53. Rh4 f1=N+
54. Kh1 Ng3+ 55. Kh2 Ne2 56. Rh3+ Kf2 57. Rh4 Rg2+ 0-1

[Event "Lichtenberger Sommer 2017"]
[Site "Berlin"]
[Date "2017.08.20"]
[Round "2.64"]
[White "Junge, Wolfgang"]
[Black "Stuckstedte, Hermann"]
[Result "0-1"]
[WhiteElo "1853"]
[BlackElo "1564"]
[PlyCount "106"]
[EventDate "2017.??.??"]
[WhiteTeam "SC Friesen Lichtenberg"]
[BlackTeam "Königsjäger Süd-West"]

1. d4 e6 2. c4 Bb4+ 3. Nc3 Nf6 4. e3 d5 5. a3 Bd6 6. c5 Be7 7. Bd3 a5 8. Bd2
O-O 9. b4 b6 10. Nf3 c6 11. bxa5 bxc5 12. dxc5 Ba6 13. Bxa6 Nxa6 14. Na4 Nxc5
15. Nxc5 Bxc5 16. Bb4 Qd6 17. Qa4 Rfb8 18. Rb1 Ne4 19. O-O Bxb4 20. Rxb4 c5 21.
Rxb8+ Qxb8 22. Ra1 Qb2 23. Rf1 c4 24. Qb4 Rb8 25. Qxb2 Rxb2 26. Nd4 Nc5 27. g3
Kf8 28. Rd1 Ke7 29. e4 g6 30. exd5 exd5 31. Nc6+ Kd6 32. Nb4 Nd3 33. a6 Kc7 34.
a7 Kb7 35. Nxd3 cxd3 36. Rxd3 Rb5 37. Re3 Kxa7 38. Re7+ Kb6 39. Rxf7 Kc5 40.
Rxh7 Kc4 41. Rc7+ Kd3 42. h4 d4 43. g4 Ke2 44. Kg2 Re5 45. Rc2+ Kd1 46. Rc4 d3
47. Kf3 d2 48. Rd4 Ke1 49. Kf4 Ra5 50. Rxd2 Kxd2 51. g5 Ke2 52. f3 Rxa3 53. Kg4
Ra4+ 0-1

[Event "Lichtenberger Sommer 2017"]
[Site "Berlin"]
[Date "2017.08.20"]
[Round "2.65"]
[White "Völler, Lothar"]
[Black "Schröter, Maik"]
[Result "0-1"]
[WhiteElo "1714"]
[BlackElo "1876"]
[PlyCount "68"]
[EventDate "2017.??.??"]
[WhiteTeam "FS Dortmund"]
[BlackTeam "SG Stadtilm"]

1. c4 Nf6 2. g3 e6 3. Bg2 g6 4. Nc3 Bg7 5. d3 O-O 6. e4 d6 7. Nge2 e5 8. O-O c6
9. h3 Be6 10. Be3 d5 11. cxd5 cxd5 12. Bc5 Re8 13. exd5 Nxd5 14. Ne4 Nd7 15.
Ba3 N7f6 16. Nd6 Qd7 17. Nxe8 Rxe8 18. Kh2 Nh5 19. Ng1 f5 20. Rc1 Bh6 21. Rc2
f4 22. g4 Nhf6 23. Re1 b5 24. Bc5 Rc8 25. b4 a5 26. a3 axb4 27. axb4 Qc7 28.
Rb2 f3 29. Nxf3 e4+ 30. Kg1 Nc3 31. Qc2 Na4 32. dxe4 Nxb2 33. Qxb2 Bg7 34. e5
Ne8 0-1

[Event "Lichtenberger Sommer 2017"]
[Site "Berlin"]
[Date "2017.08.20"]
[Round "2.66"]
[White "Küchler, Felix"]
[Black "Bollenbach, Horst"]
[Result "0-1"]
[WhiteElo "1782"]
[BlackElo "1723"]
[PlyCount "82"]
[EventDate "2017.??.??"]
[WhiteTeam "SF Friedrichshagen"]
[BlackTeam "SC Friesen Lichtenberg"]

1. e4 c5 2. Nc3 Nc6 3. f4 g6 4. Nf3 Bg7 5. Bb5 Nd4 6. O-O e6 7. e5 a6 8. Bd3
Nxf3+ 9. Qxf3 f5 10. b3 Rb8 11. Ba3 Qc7 12. Na4 b6 13. Qe2 Ra8 14. Nb2 b5 15.
c3 Bf8 16. b4 Bb7 17. bxc5 Bxc5+ 18. Bxc5 Qxc5+ 19. Kh1 Ne7 20. Bc2 Bd5 21. Bb3
Kf7 22. c4 Bxc4 23. Bxc4 bxc4 24. Nxc4 Nd5 25. Rac1 Qe7 26. Nd6+ Kg7 27. Rb1
Rhb8 28. Rxb8 Rxb8 29. Qxa6 Rb2 30. Rd1 Nxf4 31. Qa3 Qg5 32. g3 Qg4 33. Rg1 Nh3
34. Rf1 Qe2 35. Nxf5+ gxf5 36. Qe7+ Kg6 37. Qf6+ Kh5 38. Qh4+ Kg6 39. Qxh3 Rxd2
40. g4 Qe4+ 41. Rf3 fxg4 0-1

[Event "Lichtenberger Sommer 2017"]
[Site "Berlin"]
[Date "2017.08.20"]
[Round "2.67"]
[White "Winkler, Michael"]
[Black "Seefeld, Marc"]
[Result "0-1"]
[WhiteElo "1690"]
[BlackElo "1924"]
[PlyCount "92"]
[EventDate "2017.??.??"]
[WhiteTeam "ESV Eberswalde"]
[BlackTeam "Läufer Reinickendorf"]

1. d4 Nf6 2. Nf3 e6 3. c4 b6 4. Nc3 Bb7 5. Bg5 Be7 6. Qc2 d5 7. Rd1 Nbd7 8.
cxd5 exd5 9. e3 h6 10. Bxf6 Nxf6 11. Bd3 O-O 12. O-O c5 13. Ne5 a6 14. f4 b5
15. Bf5 cxd4 16. exd4 b4 17. Ne2 Qd6 18. Ng3 a5 19. Rc1 Ba6 20. Rfe1 Bb5 21.
Qf2 g6 22. Bxg6 fxg6 23. Nxg6 Ne4 24. Nxe7+ Qxe7 25. Nxe4 dxe4 26. Qg3+ Kh8 27.
Qg6 Ra6 28. Rxe4 Rxg6 29. Rxe7 Rxf4 30. d5 Rgf6 31. h3 Rf1+ 32. Rxf1 Rxf1+ 33.
Kh2 Rd1 34. Ra7 a4 35. b3 a3 36. Rb7 Rxd5 37. Kg3 Rg5+ 38. Kf4 Rc5 39. Ke3 Bc6
40. Rc7 Rc2 41. g4 Rxa2 42. Rxc6 Rb2 43. Rxh6+ Kg7 44. g5 Rxb3+ 45. Kd4 a2 46.
Ra6 Ra3 0-1

[Event "Lichtenberger Sommer 2017"]
[Site "Berlin"]
[Date "2017.08.20"]
[Round "2.68"]
[White "David, Daniel"]
[Black "Ritter, Uwe"]
[Result "1/2-1/2"]
[WhiteElo "1392"]
[BlackElo "1953"]
[PlyCount "115"]
[EventDate "2017.??.??"]
[WhiteTeam "SC Erkrath"]
[BlackTeam "Reideburger SV"]

1. e4 e6 2. Nf3 d5 3. exd5 exd5 4. d4 Bd6 5. Nc3 c6 6. Be3 Ne7 7. Bd3 Bf5 8.
O-O O-O 9. a3 Nd7 10. Qd2 Qc7 11. g3 Nf6 12. Nh4 Ne4 13. Bxe4 Bxe4 14. Nxe4
dxe4 15. Ng2 Rad8 16. Bf4 Bxf4 17. Nxf4 c5 18. Qe2 Nd5 19. Nxd5 Rxd5 20. dxc5
Rxc5 21. c3 Re5 22. Rad1 Rfe8 23. Rd4 Kf8 24. Rfd1 R5e7 25. Rc4 Qe5 26. Rdd4
Qf5 27. Qe3 Qf3 28. Ra4 a6 29. h4 Qg4 30. Kg2 Qe6 31. Rd2 Qc6 32. Rad4 Qe6 33.
Rd8 f6 34. Rxe8+ Kxe8 35. Rd4 Qc6 36. g4 Qe6 37. Kg3 f5 38. gxf5 Qxf5 39. Qf4
Qg6+ 40. Qg4 Qxg4+ 41. Kxg4 e3 42. fxe3 Rxe3 43. Rb4 Re7 44. a4 Kd8 45. Kf5 Kc7
46. Rc4+ Kd6 47. b4 Re5+ 48. Kf4 Rh5 49. Kg4 Re5 50. Rf4 Re7 51. c4 Ke5 52. b5
axb5 53. cxb5 Kd5 54. a5 Kd6 55. a6 bxa6 56. bxa6 Ra7 57. Ra4 Ke6 58. Kg5
1/2-1/2

[Event "Lichtenberger Sommer 2017"]
[Site "Berlin"]
[Date "2017.08.20"]
[Round "2.69"]
[White "Schmalzried, Volker"]
[Black "Bastian, Reinhard"]
[Result "1/2-1/2"]
[WhiteElo "1858"]
[BlackElo "1675"]
[PlyCount "46"]
[EventDate "2017.??.??"]
[WhiteTeam "vereinslos"]
[BlackTeam "vereinslos"]

1. c4 f5 2. Nc3 Nf6 3. d4 e6 4. g3 d5 5. cxd5 exd5 6. Bg2 c6 7. Nf3 Bd6 8. O-O
O-O 9. a3 Ne4 10. Nxe4 fxe4 11. Ng5 h6 12. Nh3 Bf5 13. f3 Qd7 14. Nf2 exf3 15.
exf3 Na6 16. Nd3 c5 17. Nxc5 Nxc5 18. dxc5 Bxc5+ 19. Kh1 Rfe8 20. b4 Be3 21. f4
Rad8 22. Re1 Bxc1 23. Rxe8+ Qxe8 1/2-1/2

[Event "Lichtenberger Sommer 2017"]
[Site "Berlin"]
[Date "2017.08.20"]
[Round "2.70"]
[White "Gräbnitz, Marc-Florian"]
[Black "Thomas, Tobias"]
[Result "0-1"]
[WhiteElo "1465"]
[BlackElo "1877"]
[PlyCount "76"]
[EventDate "2017.??.??"]
[WhiteTeam "SC Eintracht Berlin"]
[BlackTeam "SK Langen"]

1. d4 Nf6 2. Nf3 g6 3. Bf4 Bg7 4. e3 d6 5. c4 O-O 6. Bd3 Nfd7 7. O-O h6 8. Qc2
e5 9. dxe5 dxe5 10. Bg3 f5 11. Be2 g5 12. h3 h5 13. Rd1 Qf6 14. Nc3 c6 15. Rac1
g4 16. hxg4 hxg4 17. Nh2 Qg5 18. Nf1 f4 19. Ne4 Qh5 20. Bh2 Na6 21. a3 Nac5 22.
b4 Nxe4 23. Qxe4 Nf6 24. Qc2 Qg5 25. exf4 exf4 26. c5 Nh5 27. Qd2 Bf5 28. Ng3
Rad8 29. Qa2+ Kh8 30. Rxd8 Rxd8 31. Nxh5 f3 32. Nf4 fxe2 33. Nxe2 Rd2 34. Qc4
Rxe2 35. Bf4 Qe7 36. Be3 Rxe3 37. fxe3 Qxe3+ 38. Kh1 Bd3 0-1

[Event "Lichtenberger Sommer 2017"]
[Site "Berlin"]
[Date "2017.08.20"]
[Round "2.71"]
[White "Hüls, Maximilian"]
[Black "Ni Mhuireagain, Eibhia"]
[Result "1-0"]
[WhiteElo "1767"]
[BlackElo "1521"]
[PlyCount "119"]
[EventDate "2017.??.??"]
[WhiteTeam "SV Mattnetz Berlin"]
[BlackTeam "The Ross Chess Club"]

1. e4 d5 2. exd5 Qxd5 3. Nc3 Qd6 4. Bc4 c6 5. d3 Nf6 6. Nf3 Bg4 7. h3 Bh5 8. g4
Bg6 9. Qe2 Nbd7 10. Nh4 O-O-O 11. f4 e6 12. Be3 Qc7 13. O-O-O Bb4 14. Rhf1 Nb6
15. Bb3 Nbd5 16. Nxd5 Nxd5 17. Bxd5 cxd5 18. f5 Qg3 19. Bf2 Qf4+ 20. Kb1 exf5
21. gxf5 Bxf5 22. Nxf5 Qxf5 23. Be1 Qxh3 24. Bxb4 Rhe8 25. Qf2 Qg4 26. Qf5+
Qxf5 27. Rxf5 Rd7 28. Rg1 g6 29. Rf6 Re6 30. Rxe6 fxe6 31. Re1 Rf7 32. Rxe6
Rf1+ 33. Be1 h5 34. Kc1 Kd7 35. Re2 h4 36. Kd2 g5 37. Re5 h3 38. Bg3 Rg1 39.
Bh2 Rh1 40. Re2 g4 41. Ke3 Rf1 42. Rf2 d4+ 43. Ke2 Rb1 44. b3 Rb2 45. Kd2 Rxa2
46. Rf4 Ra5 47. Rxd4+ Kc6 48. Rd6+ Kb5 49. Rd5+ Kb6 50. Rxa5 Kxa5 51. d4 Kb5
52. d5 Kc5 53. d6 Kc6 54. Kc3 Kd7 55. Kc4 Kc6 56. b4 b6 57. Kd4 a5 58. bxa5
bxa5 59. Kc4 Kd7 60. Kb5 1-0

[Event "Lichtenberger Sommer 2017"]
[Site "Berlin"]
[Date "2017.08.20"]
[Round "2.72"]
[White "Tschirschwitz, Stephan"]
[Black "Hajou, Mohamad"]
[Result "0-1"]
[WhiteElo "1584"]
[BlackElo "1789"]
[PlyCount "54"]
[EventDate "2017.??.??"]
[WhiteTeam "Lasker Steglitz-Wilmersdorf"]
[BlackTeam "SC Kreuzberg"]

1. c4 Nf6 2. d4 e6 3. Nc3 Bb4 4. a3 Bxc3+ 5. bxc3 d5 6. Bg5 c5 7. e3 Qa5 8. Qb3
Ne4 9. Bf4 Nxc3 10. Bc7 b6 11. dxc5 Nb5+ 12. Qb4 Nxc7 13. Qxa5 bxa5 14. Nf3
Nca6 15. Rc1 Nxc5 16. cxd5 Nbd7 17. dxe6 fxe6 18. Nd4 O-O 19. Nc6 a4 20. Ne7+
Kf7 21. Nxc8 Raxc8 22. Rd1 Rfd8 23. Be2 Ne4 24. Bb5 Ndc5 25. O-O Rxd1 26. Rxd1
Nc3 27. Bd7 Rd8 0-1

[Event "Lichtenberger Sommer 2017"]
[Site "Berlin"]
[Date "2017.08.20"]
[Round "2.73"]
[White "Große-Honebrink, Brigitte"]
[Black "Kreuchauf, Olaf"]
[Result "1-0"]
[WhiteElo "1886"]
[BlackElo "1691"]
[PlyCount "59"]
[EventDate "2017.??.??"]
[WhiteTeam "SC Kreuzberg"]
[BlackTeam "SC Eintracht Berlin"]

1. d4 Nf6 2. Nf3 d5 3. Bf4 g6 4. e3 Bg7 5. Be2 b6 6. h3 O-O 7. O-O c5 8. c3 h6
9. Ne5 Be6 10. Nd2 Qc8 11. a4 c4 12. b3 cxb3 13. Qxb3 Nc6 14. Nxc6 Qxc6 15.
Rfc1 Rac8 16. Ba6 Rcd8 17. Qb4 Qd7 18. a5 bxa5 19. Qxa5 g5 20. Bc7 Ra8 21. Nb3
Bxh3 22. gxh3 Qxh3 23. Bf1 Qf5 24. Bg2 Ng4 25. Bg3 e5 26. Qxd5 h5 27. Qe4 Qc8
28. Qxa8 Qxa8 29. Bxa8 Rxa8 30. Bxe5 1-0

[Event "Lichtenberger Sommer 2017"]
[Site "Berlin"]
[Date "2017.08.20"]
[Round "2.74"]
[White "Fiedler, Ronald"]
[Black "Bergmann, Jens"]
[Result "0-1"]
[WhiteElo "1631"]
[BlackElo "1878"]
[PlyCount "88"]
[EventDate "2017.??.??"]
[WhiteTeam "Läufer Reinickendorf"]
[BlackTeam "SK Tempelhof 1931"]

1. d4 Nf6 2. c4 e6 3. Nc3 Bb4 4. Bd2 O-O 5. Qc2 d5 6. e3 c5 7. a3 Bxc3 8. Bxc3
cxd4 9. Bxd4 Nc6 10. Bxf6 Qxf6 11. Nf3 Bd7 12. Qc3 Qxc3+ 13. bxc3 dxc4 14. Bxc4
Na5 15. Ne5 Ba4 16. Ba2 Rac8 17. c4 f6 18. Nf3 Rc5 19. O-O Rd8 20. Nd4 Kf7 21.
Rac1 e5 22. Nf3 Ke7 23. Rc3 b5 24. Rfc1 bxc4 25. Kf1 Bb3 26. Bb1 g6 27. Ke2
Rcd5 28. Bc2 Bxc2 29. R1xc2 Rd3 30. Ne1 Rxc3 31. Rxc3 Kd6 32. Nc2 Kc5 33. Nb4
Kb5 34. e4 f5 35. f3 fxe4 36. fxe4 Nb3 37. Nd5 Kc5 38. Ke3 Rd6 39. Rc2 Ra6 40.
Ra2 Ra4 41. Nc3 Ra6 42. Nd5 Nd4 43. a4 Nc6 44. Ra3 Nb4 0-1